| 000 | 01239aam a2200373 a 4500 | ||
|---|---|---|---|
| 001 | 18370 | ||
| 003 | BD-RjUL | ||
| 005 | 20211209000256.0 | ||
| 008 | 140220s2001 ii b 000 0ceng | ||
| 020 | _a8176482307 (set) | ||
| 020 | _a8176482315 (vol. 1) | ||
| 020 | _a8176482323 (vol. 2) | ||
| 020 | _a8176482331 (vol. 3) | ||
| 020 | _a817648234X (vol. 4) | ||
| 020 | _a8176482358 (vol. 5) | ||
| 035 | _a(OCoLC)47174928 | ||
| 035 | _a(BD-RjUL)18428 | ||
| 040 |
_aDLC _beng _cDLC _dWCU _dBD-RjUL |
||
| 041 | _aeng | ||
| 082 | 0 |
_a297.092303 _221 |
|
| 084 |
_a01.32 _2bcl |
||
| 245 | 0 | 0 |
_aEncyclopaedia of Muslim biography : _bIndia, Pakistan, Bangladesh. _c / edited by Nagendra Kr. Singh. _nVolume-1: _pA |
| 260 |
_aNew Delhi : _bA.P.H. Publishing Corporation, _c2001. |
||
| 300 |
_axvi, 590p. ; _c25 cm. |
||
| 504 | _aIncludes bibliographical references. | ||
| 505 | 0 | _av. 1. A -- v. 2. B-H -- v. 3. I-M -- v. 4. Muh-R -- v. 5. S-Z. | |
| 650 | 0 |
_aMuslims _zSouth Asia _vBiography _vEncyclopedias. _956577 |
|
| 651 | 0 |
_aSouth Asia _vBiography _vEncyclopedias. _956578 |
|
| 700 | 1 |
_aSingh, Nagendra Kr., ed. _d1963- _956579 |
|
| 942 |
_2ddc _cREF |
||
| 999 |
_c18370 _d18370 |
||